| 000 | 01216nam a2200337 i 4500 | ||
|---|---|---|---|
| 999 |
_c1486 _d1486 |
||
| 001 | 018706576 | ||
| 003 | Uk | ||
| 005 | 20221230153641.0 | ||
| 008 | 180127s2014 enkab j b 001 0 eng d | ||
| 015 |
_aGBC281926 _2bnb |
||
| 016 | 7 |
_a018706576 _2Uk |
|
| 020 | _a9781467723817 (pbk.) : | ||
| 040 |
_aUK-WkNB _beng _cUK-WkNB _dUk _dKH8 _erda |
||
| 042 | _aukblsr | ||
| 082 | 0 | 0 |
_a932.01 DOE _223 |
| 100 | 1 |
_aDoeden, Matt, _eauthor. |
|
| 245 | 1 | 0 |
_aTools and treasures of ancient Egypt / _cMatt Doeden. |
| 260 |
_aMinneapolis : _bLerner Publications Company, _c[2014] |
||
| 300 |
_a40 pages : _billustrations (colour), 1 map (colour) ; _c23 cm. |
||
| 336 |
_atext _2rdacontent |
||
| 337 |
_aunmediated _2rdamedia |
||
| 338 |
_avolume _2rdacarrier |
||
| 490 | 1 | _aSearchlight books. What can we learn from early civilizations? | |
| 504 | _aIncludes bibliographical references and index. | ||
| 530 | _aAlso published electronically. | ||
| 651 | 0 |
_aEgypt _xCivilization _vJuvenile literature. |
|
| 651 | 0 |
_aEgypt _xSocial life and customs _vJuvenile literature. |
|
| 651 | 0 |
_aEgypt _xAntiquities _vJuvenile literature. |
|
| 830 | 0 |
_aSearchlight books. _pWhat can we learn from early civilizations?. |
|
| 942 |
_2ddc _cNFIC |
||